|
|
|
|
| LEADER |
00000naa2a2200000 4500 |
| 001 |
605514 |
| 005 |
20231101132345.0 |
| 035 |
|
|
|a (RuTPU)RU\TPU\conf\2816
|
| 035 |
|
|
|a RU\TPU\conf\2814
|
| 090 |
|
|
|a 605514
|
| 100 |
|
|
|a 20140416d2013 k y0rusy50 ba
|
| 101 |
0 |
|
|a eng
|
| 102 |
|
|
|a RU
|
| 105 |
|
|
|a y z 100zy
|
| 135 |
|
|
|a arnn ---uucaa
|
| 181 |
|
0 |
|a i
|
| 182 |
|
0 |
|a b
|
| 200 |
1 |
|
|a Geophysical methods in facial types studies of the Pervomayskoe oilfield reservoirs
|f E. S. Ulachina
|g Sci. adv. V. N. Ustinova, D. A. Terre
|
| 203 |
|
|
|a Текст
|c электронный
|
| 225 |
1 |
|
|a Geology, mining and petroleum engineering
|
| 230 |
|
|
|a 1 компьютерный файл (pdf; 1.0 М)
|
| 300 |
|
|
|a Заглавие с экрана
|
| 320 |
|
|
|a [Библиогр.: с. 861 (3 назв.)]
|
| 337 |
|
|
|a Adobe Reader
|
| 461 |
|
1 |
|0 (RuTPU)RU\TPU\conf\37
|t Проблемы геологии и освоения недр
|o труды XVII Международного симпозиума имени академика М. А. Усова студентов и молодых ученых, Томск, 1-5 апреля 2013 г.
|o в 2 т.
|f Национальный исследовательский Томский политехнический университет (ТПУ), Институт природных ресурсов (ИПР) ; Общество инженеров-нефтяников, Студенческий чаптер ; под ред. А. Ю. Дмитриева
|d 2013
|
| 463 |
|
1 |
|0 (RuTPU)RU\TPU\conf\39
|t Т. 2
|v [С. 859-861]
|d 2013
|
| 610 |
1 |
|
|a труды учёных ТПУ
|
| 610 |
1 |
|
|a электронный ресурс
|
| 610 |
1 |
|
|a геофизические методы
|
| 610 |
1 |
|
|a исследование
|
| 610 |
1 |
|
|a нефтепромысловые резервуары
|
| 610 |
1 |
|
|a Первомайское месторождение
|
| 700 |
|
1 |
|a Ulachina
|b E. S.
|
| 702 |
|
1 |
|a Ustinova
|b V. N.
|c geophysicist
|c Professor of Tomsk Polytechnic University, Doctor of geological and mineralogical sciences
|f 1955-
|g Vera Nikolaevna
|2 stltpush
|4 727
|
| 702 |
|
1 |
|a Terre
|b D. A.
|c linguist
|c Associate Professor of Tomsk Polytechnic University, Candidate of philological science
|f 1980-
|g Dina Anatolievna
|2 stltpush
|4 727
|
| 712 |
0 |
2 |
|a Национальный исследовательский Томский политехнический университет (ТПУ)
|b Институт природных ресурсов (ИПР)
|b Кафедра иностранных языков (ИЯПР)
|h 6735
|2 stltpush
|3 (RuTPU)RU\TPU\col\18662
|
| 712 |
0 |
2 |
|a Национальный исследовательский Томский политехнический университет (ТПУ)
|b Институт природных ресурсов (ИПР)
|b Кафедра геофизики (ГЕОФ)
|h 254
|2 stltpush
|3 (RuTPU)RU\TPU\col\18667
|
| 801 |
|
2 |
|a RU
|b 63413507
|c 20230316
|g RCR
|
| 856 |
4 |
|
|u http://www.lib.tpu.ru/fulltext/c/2013/C11/V2/426.pdf
|
| 942 |
|
|
|c BK
|